Delegujte všetko, čo môžete, ale určite nie viac!

Činnosti vhodné na delegovanie. Čo sa delegovať nemá.

Enregistré dans:
Détails bibliographiques
Auteur principal: Skorková, Zuzana, 1979-
Format: Chapitre de livre
Langue:slovaque
Sujets:
Tags: Ajouter un tag
Pas de tags, Soyez le premier à ajouter un tag!

MARC

LEADER 00000nla a2200000 4500
001 0185727
005 20240502073159.5
041 0 |a slo 
044 |a SK 
245 1 0 |a Delegujte všetko, čo môžete, ale určite nie viac!  |c Zuzana Skorková 
520 |a Činnosti vhodné na delegovanie. Čo sa delegovať nemá. 
610 2 0 |a podnik 
610 2 0 |a manažment 
610 2 0 |a delegovanie právomoci 
100 1 |a Skorková, Zuzana, 1979-